01139nas a2200289Ia 4500001002800000003001000028008004100038040002500079041001200104100001700116210002200133222002200155240006700177245006700244250001100311260000900322501012300331300001600454362003000470500006800500650002300568700001100591942000700602957000600609999003300615952020100648A07/R086-16364 [r000014679]IT-MiCISF161014c99999999xx |||||||||||| ||und|| aIT-MiCISFcIT-MiCISF aINGLESE aSerra Angelo aMedicina e morale aMedicina e morale aMedical Genetic Engineering and the Catholic Church's Teaching 0aMedical Genetic Engineering and the Catholic Church's Teaching a1a ed. c1995 bCISF - Centro Internazionale Studi Famiglia - Via Giotto, 36 20145 MILANO (non commercial uses only)cCopyright 2016 app. 259-284 an. 2, marzo-aprile [1995] a Tema: bioetica, genetica, chiesa, embrione, diagnosi-prenatale aBIOETICAvarticolo aAA.VV. cCR 71 a16364bSig1c234103d234103 0010406A_07_000000000000000_R08616364_R00001467971aCISFbCISFd2016-10-14l0oA07/R086-16364 [r000014679]r2016-10-14 00:00:00w2016-10-14yCRzData import 15.10.2016 / by Epidotti, Vaglietti